Atmamun: The path to achieving the bliss of the Himalayan Swamis. And the freedom of a living God (Record no. 46510)

MARC details
000 -LEADER
fixed length control field 00506nam a22001697a 4500
005 - DATE AND TIME OF LATEST TRANSACTION
control field 20251112164414.0
008 - FIXED-LENGTH DATA ELEMENTS--GENERAL INFORMATION
fixed length control field 251112b |||||||| |||| 00| 0 eng d
020 ## - INTERNATIONAL STANDARD BOOK NUMBER
International Standard Book Number 9781532762727
041 ## - LANGUAGE CODE
Language code of text/sound track or separate title Eng.
082 ## - DEWEY DECIMAL CLASSIFICATION NUMBER
Classification number 200 GUP
100 ## - MAIN ENTRY--PERSONAL NAME
Author Gupta, MD Kapil
245 ## - TITLE STATEMENT
Title Atmamun: The path to achieving the bliss of the Himalayan Swamis. And the freedom of a living God
260 ## - PUBLICATION, DISTRIBUTION, ETC.
Place Dehli
Publisher CreateSpace Independent Publishing Platform
Publication Year 2026
300 ## - PHYSICAL DESCRIPTION
Extent 188;. 21 cm
650 ## - SUBJECT ADDED ENTRY--TOPICAL TERM
Subject General
942 ## - ADDED ENTRY ELEMENTS (KOHA)
Koha item type Books
Holdings
Withdrawn status Lost status Source of classification or shelving scheme Damaged status Not for loan Home library Current library Shelving location Accession Date Vendor Price Bill number Total Checkouts Full call number Barcode No Date last seen Bill Date Koha item type Suggested By
    Dewey Decimal Classification     IMTN IMTN Rack 4-A 11/12/2025 Amazon 440.00 HYD8-551141   200 GUP 33957 11/12/2025 10/11/2025 Books Faculty Purchase by Dr. Jitendra Sharma
Designed & Maintained by: LRC IMT Nagpur Contact: lrc@imtnag.ac.in© 2024. All Rights Reserved.